[Event "FINEC 2007 IM"]
[Site "St. Petersburg RUS"]
[Date "2007.01.27"]
[Round "4.5"]
[White "Stupak, Kirill"]
[Black "Lintchevski, Daniil"]
[Result "1/2-1/2"]
[WhiteElo "2361"]
[BlackElo "2449"]
[PlyCount "116"]
[EventDate "2007.01.25"]
[EventType "tourn"]
[EventRounds "10"]
[EventCountry "RUS"]
[EventCategory "3"]
[Source "lmi"]
[SourceDate "2007.01.25"]

1. d4 d5 2. Nf3 Nf6 3. g3 g6 4. Bg2 Bg7 5. O-O O-O 6. c4 c6 7. Nc3 dxc4 8. a4
Na6 9. a5 c5 10. d5 e6 11. dxe6 Bxe6 12. Ng5 Bc8 13. Bf4 h6 14. Nge4 Nxe4 15.
Bxe4 g5 16. Be3 Qe7 17. Qd5 Rd8 18. Qxc4 Rd4 19. Bxd4 cxd4 20. Rfd1 dxc3 21.
bxc3 Be6 22. Qb5 Nc5 23. Bd5 Bxd5 24. Rxd5 Ne4 25. Qd7 Re8 26. Qxe7 Rxe7 27.
Rd8+ Kh7 28. Rad1 Bxc3 29. R1d7 Rxd7 30. Rxd7 Kg7 31. Rxb7 Bxa5 32. Re7 Nc5 33.
Rxa7 Bb6 34. Ra8 Ne4 35. e3 g4 36. Kg2 Ng5 37. Ra6 Bc7 38. Ra7 Be5 39. Ra5 Bf6
40. Ra4 h5 41. Ra5 Kg6 42. h4 gxh3+ 43. Kh2 Bc3 44. Ra4 Kf5 45. Rf4+ Ke6 46.
Rc4 Bd2 47. f4 Nf3+ 48. Kxh3 Kd5 49. Rc7 Bxe3 50. Rxf7 Ke4 51. Re7+ Kd3 52. f5
Bd4 53. Re8 Ng5+ 54. Kh4 Ne4 55. Re6 Bf6+ 56. Kxh5 Nxg3+ 57. Kg6 Bd4 58. Rd6
Ne4 1/2-1/2

[Event "FINEC 2007 IM"]
[Site "St. Petersburg RUS"]
[Date "2007.01.28"]
[Round "5.1"]
[White "Shalimov, Valery"]
[Black "Gogin, Ruslan"]
[Result "1-0"]
[WhiteElo "2393"]
[BlackElo "2135"]
[PlyCount "55"]
[EventDate "2007.01.25"]
[EventType "tourn"]
[EventRounds "10"]
[EventCountry "RUS"]
[EventCategory "3"]
[Source "lmi"]
[SourceDate "2007.01.25"]

1. d4 e6 2. c4 Nf6 3. Nf3 c5 4. d5 exd5 5. cxd5 b5 6. a4 Bb7 7. axb5 Bxd5 8.
Nc3 Bb7 9. Bg5 Be7 10. e3 d5 11. Be2 Nbd7 12. O-O Bd6 13. Nxd5 Bxd5 14. e4 h6
15. Bxf6 Nxf6 16. exd5 Nxd5 17. Bc4 Nb6 18. Re1+ Kf8 19. Qd3 Qf6 20. b3 g6 21.
Nd2 Rd8 22. Ne4 Qf5 23. Qe3 Nc8 24. Nxd6 Rxd6 25. Rxa7 Nxa7 26. Qe7+ Kg7 27.
Qxd6 Nc8 28. Qc7 1-0

[Event "FINEC 2007 IM"]
[Site "St. Petersburg RUS"]
[Date "2007.01.28"]
[Round "5.2"]
[White "Lintchevski, Daniil"]
[Black "Kulikov, Evgeny"]
[Result "1-0"]
[WhiteElo "2449"]
[BlackElo "2260"]
[PlyCount "109"]
[EventDate "2007.01.25"]
[EventType "tourn"]
[EventRounds "10"]
[EventCountry "RUS"]
[EventCategory "3"]
[Source "lmi"]
[SourceDate "2007.01.25"]

1. e4 c5 2. Nf3 d6 3. d4 cxd4 4. Nxd4 Nf6 5. Nc3 g6 6. Be3 Bg7 7. f3 O-O 8. Qd2
Nc6 9. O-O-O d5 10. exd5 Nxd5 11. Nxc6 bxc6 12. Bd4 e5 13. Bc5 Be6 14. Ne4 Re8
15. h4 h6 16. g4 Qc7 17. g5 h5 18. Bc4 Red8 19. Qf2 a5 20. a4 Qb7 21. Rd2 Nf4
22. Bxe6 Nxe6 23. Rhd1 Rd5 24. Ba3 Rb8 25. Qe3 Nd4 26. Qc3 Qd7 27. Kb1 Qf5 28.
Bd6 Re8 29. Bc5 Re6 30. Qxa5 Nxf3 31. Rxd5 cxd5 32. Qa8+ Kh7 33. Qxd5 Nxh4 34.
Qb7 Qf3 35. Rd3 Qf1+ 36. Ka2 Qg2 37. Nf6+ Bxf6 38. Qxf7+ Bg7 39. Qxe6 Qa8 40.
Ra3 Qa5 41. b4 Qd8 42. Rd3 Qxg5 43. Rd8 Qc1 44. Qc4 Kh6 45. Qd3 Nf5 46. Qd2+
Qxd2 47. Rxd2 e4 48. a5 h4 49. a6 e3 50. Bxe3+ Nxe3 51. a7 Nc4 52. a8=Q Nxd2
53. Qd5 g5 54. Qxd2 h3 55. Qe3 1-0

[Event "FINEC 2007 IM"]
[Site "St. Petersburg RUS"]
[Date "2007.01.28"]
[Round "5.3"]
[White "Merzliakov, Evgeny"]
[Black "Stupak, Kirill"]
[Result "1/2-1/2"]
[WhiteElo "2211"]
[BlackElo "2361"]
[PlyCount "171"]
[EventDate "2007.01.25"]
[EventType "tourn"]
[EventRounds "10"]
[EventCountry "RUS"]
[EventCategory "3"]
[Source "lmi"]
[SourceDate "2007.01.25"]

1. d4 e6 2. c4 Bb4+ 3. Bd2 a5 4. e4 d6 5. Nc3 Nf6 6. Bd3 e5 7. d5 Na6 8. Nge2
O-O 9. O-O Nh5 10. Qc1 Qe8 11. f3 b6 12. g4 Nf6 13. Ng3 Kh8 14. Kg2 Ng8 15. h4
Bd7 16. h5 Nc5 17. Be2 a4 18. Be3 Nb7 19. Rh1 Bc5 20. Qd2 Qe7 21. Raf1 Bxe3 22.
Qxe3 Nc5 23. Bd3 h6 24. Bc2 Rfb8 25. Nf5 Qg5 26. Qxg5 hxg5 27. Rf2 b5 28. cxb5
Bxb5 29. Nxb5 Rxb5 30. b3 axb3 31. Bxb3 Nf6 32. Rc2 Nfd7 33. Kg3 Ra3 34. Rb1
Rb7 35. Ne3 Nd3 36. Nc4 Raa7 37. Rd2 N7c5 38. Ne3 Nf4 39. Rc2 Rb4 40. Nc4 f6
41. Ne3 Rab7 42. Nf5 Nxb3 43. Rxb3 Rxb3 44. axb3 Rxb3 45. Rxc7 Rb2 46. Ne3 Re2
47. Rc3 Kg8 48. Ra3 Kf7 49. Ra7+ Ke8 50. Ra3 Kd8 51. Rc3 Kd7 52. Ra3 Kc8 53.
Rb3 Kc7 54. Rc3+ Kb6 55. Rc6+ Kb5 56. Rxd6 Rxe3 57. Kf2 Re2+ 58. Kf1 Rd2 59.
Rc6 Nd3 60. Kg1 Ne1 61. Rc3 Rc2 62. Re3 Ng2 63. Rb3+ Kc5 64. Rb7 Ne3 65. Rxg7
Rg2+ 66. Kh1 Rg3 67. Rc7+ Kd6 68. Rc6+ Ke7 69. Rc7+ Kd8 70. Rc3 Nxg4 71. Ra3
Ke7 72. h6 Nf2+ 73. Kh2 Rh3+ 74. Kg2 Rxh6 75. Kxf2 Rh4 76. Ra7+ Kd8 77. Ke3 Rh3
78. Rg7 Ke8 79. d6 Rh1 80. Re7+ Kf8 81. Ke2 Ra1 82. Rc7 Ke8 83. Re7+ Kf8 84.
Rh7 Ke8 85. Re7+ Kf8 86. Rh7 1/2-1/2

[Event "FINEC 2007 IM"]
[Site "St. Petersburg RUS"]
[Date "2007.01.28"]
[Round "5.4"]
[White "Melnikov, Dmitry"]
[Black "Zakharchenko, Arnold"]
[Result "1/2-1/2"]
[WhiteElo "2353"]
[BlackElo "2301"]
[PlyCount "97"]
[EventDate "2007.01.25"]
[EventType "tourn"]
[EventRounds "10"]
[EventCountry "RUS"]
[EventCategory "3"]
[Source "lmi"]
[SourceDate "2007.01.25"]

1. b3 Nf6 2. Bb2 g6 3. e4 d6 4. g3 Bg7 5. Bg2 c5 6. Ne2 Nc6 7. O-O O-O 8. d3 d5
9. exd5 Nxd5 10. Bxg7 Kxg7 11. Nbc3 Nxc3 12. Nxc3 Qd7 13. a4 b6 14. a5 Rb8 15.
axb6 axb6 16. Re1 Nd4 17. Ne2 Qd6 18. Nxd4 cxd4 19. Ra7 Be6 20. Re4 b5 21. h4
Rbc8 22. h5 Rfd8 23. Qd2 Qc5 24. Qa5 Rd7 25. Rxd7 Bxd7 26. Qa1 e5 27. f4 Qxc2
28. h6+ Kxh6 29. fxe5 Qxd3 30. Rh4+ Kg7 31. Qxd4 Rc1+ 32. Kh2 Qxd4 33. Rxd4 Be6
34. Rb4 Rc5 35. Bf1 Rc2+ 36. Kg1 Rc3 37. Kf2 Bxb3 38. Bxb5 Be6 39. Re4 h5 40.
Re3 Rxe3 41. Kxe3 g5 42. Bc6 Kf8 43. Bf3 h4 44. gxh4 gxh4 45. Kf4 Ke7 46. Kg5
h3 47. Kf4 Kd7 48. Kg3 Ke7 49. Bh5 1/2-1/2

[Event "FINEC 2007 IM"]
[Site "St. Petersburg RUS"]
[Date "2007.01.28"]
[Round "5.5"]
[White "Sudakova, Irina"]
[Black "Zacurdajev, Mikhail"]
[Result "1/2-1/2"]
[WhiteElo "2381"]
[BlackElo "2374"]
[PlyCount "24"]
[EventDate "2007.01.25"]
[EventType "tourn"]
[EventRounds "10"]
[EventCountry "RUS"]
[EventCategory "3"]
[Source "lmi"]
[SourceDate "2007.01.25"]

1. e4 e6 2. d4 d5 3. Nc3 Bb4 4. e5 c5 5. a3 Bxc3+ 6. bxc3 Qc7 7. Qg4 Ne7 8. Bd2
Nbc6 9. Bd3 cxd4 10. cxd4 Nxe5 11. Qxg7 Nxd3+ 12. cxd3 Rg8 1/2-1/2

[Event "FINEC 2007 IM"]
[Site "St. Petersburg RUS"]
[Date "2007.01.29"]
[Round "6.1"]
[White "Zakharchenko, Arnold"]
[Black "Sudakova, Irina"]
[Result "0-1"]
[WhiteElo "2301"]
[BlackElo "2381"]
[PlyCount "98"]
[EventDate "2007.01.25"]
[EventType "tourn"]
[EventRounds "10"]
[EventCountry "RUS"]
[EventCategory "3"]
[Source "lmi"]
[SourceDate "2007.01.25"]

1. c4 e6 2. d4 d5 3. Nc3 c6 4. e4 Bb4 5. a3 Bxc3+ 6. bxc3 dxe4 7. Qg4 Nf6 8.
Qxg7 Rg8 9. Qh6 Rg6 10. Qe3 Qa5 11. Bd2 Nbd7 12. f3 exf3 13. Nxf3 b6 14. a4 Bb7
15. g3 Rg4 16. Bd3 Qh5 17. O-O c5 18. Qh6 Qxh6 19. Bxh6 cxd4 20. cxd4 Bxf3 21.
Rxf3 Rxd4 22. c5 Ng4 23. Bg7 Nge5 24. Bxe5 Nxe5 25. Bb5+ Ke7 26. Rc3 Rc8 27.
Rac1 bxc5 28. Rxc5 Rd1+ 29. Rxd1 Rxc5 30. Kf2 Rd5 31. Rh1 Rd2+ 32. Ke3 Ra2 33.
h3 a6 34. Bxa6 Rxa4 35. Be2 Nc4+ 36. Kf2 Nd6 37. Rc1 Ra3 38. Bf3 Ra2+ 39. Kg1
Kf6 40. Rf1 Kg6 41. Bg2 Nc4 42. Be4+ Kg7 43. Rf4 Nd2 44. Rg4+ Kf6 45. Rf4+ Ke5
46. Bxh7 f5 47. Rb4 Ra7 48. Rb5+ Kf6 49. Bxf5 Nf3+ 0-1

[Event "FINEC 2007 IM"]
[Site "St. Petersburg RUS"]
[Date "2007.01.29"]
[Round "6.2"]
[White "Stupak, Kirill"]
[Black "Melnikov, Dmitry"]
[Result "1/2-1/2"]
[WhiteElo "2361"]
[BlackElo "2353"]
[PlyCount "98"]
[EventDate "2007.01.25"]
[EventType "tourn"]
[EventRounds "10"]
[EventCountry "RUS"]
[EventCategory "3"]
[Source "lmi"]
[SourceDate "2007.01.25"]

1. d4 f5 2. g3 Nf6 3. Bg2 g6 4. c3 Bg7 5. Qb3 d5 6. Nh3 O-O 7. O-O e6 8. Nd2 c5
9. dxc5 Na6 10. c4 Nxc5 11. Qa3 Nfe4 12. cxd5 exd5 13. Nxe4 Nxe4 14. Nf4 g5 15.
Nd3 Qb6 16. Kh1 Bd4 17. Qb3 h6 18. f3 Nf6 19. Qa3 Re8 20. Re1 Bd7 21. Bd2 Rac8
22. Rad1 Be3 23. Qb4 Qxb4 24. Nxb4 Bf2 25. Rf1 Rxe2 26. Bc3 Kf7 27. f4 g4 28.
Bxf6 Kxf6 29. Nxd5+ Ke6 30. Nc3 Rxb2 31. Rd3 Rc2 32. Bxb7 R8xc3 33. Rxc3 Rxc3
34. Rxf2 Bc6+ 35. Bxc6 Rxc6 36. Re2+ Kd5 37. Kg2 Kd4 38. Kf2 Rc1 39. Rd2+ Kc3
40. Rd5 Rc2+ 41. Kg1 Rxa2 42. Rxf5 Kd4 43. Re5 a5 44. Re1 Ra3 45. Rf1 Rb3 46.
f5 Ke5 47. f6 Rb8 48. f7 Rf8 49. Rf4 Ke6 1/2-1/2

[Event "FINEC 2007 IM"]
[Site "St. Petersburg RUS"]
[Date "2007.01.29"]
[Round "6.3"]
[White "Kulikov, Evgeny"]
[Black "Merzliakov, Evgeny"]
[Result "0-1"]
[WhiteElo "2260"]
[BlackElo "2211"]
[PlyCount "108"]
[EventDate "2007.01.25"]
[EventType "tourn"]
[EventRounds "10"]
[EventCountry "RUS"]
[EventCategory "3"]
[Source "lmi"]
[SourceDate "2007.01.25"]

1. e4 e6 2. d4 d5 3. Nc3 Nf6 4. Bg5 Bb4 5. Nge2 dxe4 6. a3 Bxc3+ 7. Nxc3 h6 8.
Bxf6 gxf6 9. Nxe4 f5 10. Nc3 c6 11. Qd2 Qd6 12. O-O-O Nd7 13. g4 fxg4 14. Ne4
Qc7 15. Bg2 f5 16. Nc3 Nf6 17. d5 exd5 18. Bxd5 cxd5 19. Nxd5 Nxd5 20. Qxd5 Kf8
21. Qd4 Qg7 22. Qc5+ Kf7 23. Qc4+ Kg6 24. Rhe1 Rf8 25. Qc5 Rf7 26. Rd8 b6 27.
Qc6+ Kh7 28. Rxc8 Rxc8 29. Qxc8 Qd4 30. Re8 Qf6 31. Kb1 h5 32. a4 h4 33. Re6
Qd4 34. Qc6 Qg7 35. Qe8 Qf8 36. Qc6 Qg7 37. Qc8 Qd4 38. Qe8 Qd7 39. Qxd7 Rxd7
40. Rf6 Rd5 41. Rf7+ Kg6 42. Rxa7 Kg5 43. Kc1 Kf4 44. c4 Rc5 45. b3 Kf3 46. Rh7
h3 47. Rd7 Kg2 48. Kd2 Kxh2 49. Rd6 Kg2 50. Rxb6 h2 51. Rh6 h1=Q 52. Rxh1 Kxh1
53. Kd3 f4 54. b4 Rc8 0-1

[Event "FINEC 2007 IM"]
[Site "St. Petersburg RUS"]
[Date "2007.01.29"]
[Round "6.4"]
[White "Gogin, Ruslan"]
[Black "Lintchevski, Daniil"]
[Result "1-0"]
[WhiteElo "2135"]
[BlackElo "2449"]
[PlyCount "111"]
[EventDate "2007.01.25"]
[EventType "tourn"]
[EventRounds "10"]
[EventCountry "RUS"]
[EventCategory "3"]
[Source "lmi"]
[SourceDate "2007.01.25"]

1. d4 e6 2. c4 Nf6 3. Nc3 d5 4. Nf3 Be7 5. cxd5 exd5 6. Qc2 c6 7. Bf4 O-O 8. e3
Nh5 9. Bd3 Nxf4 10. exf4 g6 11. h4 Re8 12. O-O-O Na6 13. a3 Bd6 14. f5 Qf6 15.
g4 gxf5 16. g5 Qg7 17. h5 Re4 18. Bxa6 Bf4+ 19. Kb1 bxa6 20. Nxe4 fxe4 21. Qxc6
Rb8 22. Qe8+ Qf8 23. Qxf8+ Kxf8 24. Rh4 Bd6 25. Ne5 Bxa3 26. Ka2 Be7 27. Rf4
Be6 28. Nxf7 Kg7 29. g6 hxg6 30. hxg6 Rf8 31. Rh1 Bd7 32. Rh5 Kxg6 33. Rh1 Be6
34. Rg1+ Kh5 35. Rh1+ Kg6 36. Rh6+ Kg7 37. Rxe6 Rxf7 38. Rxf7+ Kxf7 39. Rxa6
Bh4 40. Rd6 Bxf2 41. Rxd5 Ke6 42. Re5+ Kd6 43. Rxe4 Kd5 44. Re5+ Kxd4 45. Ra5
Kc4 46. Ka3 Bd4 47. b3+ Kc3 48. Rd5 Be3 49. Ka4 Bb6 50. Rd6 Be3 51. Kb5 Bb6 52.
b4 Be3 53. Rc6+ Kb3 54. Rf6 Bb6 55. Rf3+ Kc2 56. Ka6 1-0

[Event "FINEC 2007 IM"]
[Site "St. Petersburg RUS"]
[Date "2007.01.29"]
[Round "6.5"]
[White "Serov, Maksim"]
[Black "Shalimov, Valery"]
[Result "1/2-1/2"]
[WhiteElo "2275"]
[BlackElo "2393"]
[PlyCount "169"]
[EventDate "2007.01.25"]
[EventType "tourn"]
[EventRounds "10"]
[EventCountry "RUS"]
[EventCategory "3"]
[Source "lmi"]
[SourceDate "2007.01.25"]

1. Nf3 d5 2. d4 Nf6 3. c4 e6 4. Nbd2 Be7 5. g3 O-O 6. Bg2 b6 7. O-O Bb7 8. cxd5
Nxd5 9. a3 Nd7 10. e4 N5f6 11. Re1 c5 12. e5 Nd5 13. Ne4 h6 14. dxc5 Nxc5 15.
Nxc5 Bxc5 16. b4 Be7 17. Bb2 a5 18. b5 Rc8 19. Rc1 Rxc1 20. Qxc1 Qd7 21. Nd4
Bc5 22. Qc4 Rc8 23. Qd3 Bxd4 24. Bxd4 Ne7 25. Bxb7 Qxb7 26. Be3 Nd5 27. Rc1
Rxc1+ 28. Bxc1 Qc7 29. Bb2 Qc5 30. Kg2 g6 31. Bd4 Qc7 32. h4 Kg7 33. Kh2 Qc1
34. Kg2 Qc7 35. Kh2 Qc8 36. Kg1 a4 37. Kh2 Qc7 38. Kg2 Ne7 39. Qf3 Nd5 40. Qd3
Qd7 41. Qc4 Qa7 42. Kg1 Qa5 43. Kf1 Ne7 44. Ke2 Qa7 45. Be3 Nd5 46. Bd4 Qa8 47.
Kf1 Kg8 48. Ke2 Kh7 49. Qc2 Kg7 50. Qc4 g5 51. hxg5 hxg5 52. Qc1 Qd8 53. Qc4
Qh8 54. Kf3 Qh1+ 55. Ke2 Qe4+ 56. Kd2 Nc7 57. Qd3 Qxd3+ 58. Kxd3 Nxb5 59. Bb2
Kg6 60. Kc4 Nc7 61. g4 f5 62. exf6 Nd5 63. Kb5 Nxf6 64. Bxf6 Kxf6 65. Kxa4 Ke5
66. Kb5 Kf4 67. a4 e5 68. Kxb6 e4 69. a5 Kf3 70. a6 Kxf2 71. a7 e3 72. a8=Q e2
73. Qf8+ Kg2 74. Qe7 Kf1 75. Qf6+ Kg2 76. Qe5 Kf1 77. Qf5+ Kg2 78. Qe4+ Kf2 79.
Qd4+ Kf1 80. Qd3 Kf2 81. Qd4+ Kf1 82. Qf6+ Kg2 83. Qc6+ Kf2 84. Qc5+ Kf1 85.
Qb5 1/2-1/2

[Event "FINEC 2007 IM"]
[Site "St. Petersburg RUS"]
[Date "2007.01.30"]
[Round "7.1"]
[White "Lintchevski, Daniil"]
[Black "Serov, Maksim"]
[Result "1/2-1/2"]
[WhiteElo "2449"]
[BlackElo "2275"]
[PlyCount "94"]
[EventDate "2007.01.25"]
[EventType "tourn"]
[EventRounds "10"]
[EventCountry "RUS"]
[EventCategory "3"]
[Source "lmi"]
[SourceDate "2007.01.25"]

1. e4 e6 2. d4 d5 3. Nc3 Nf6 4. e5 Nfd7 5. f4 c5 6. Nf3 Nc6 7. Be3 cxd4 8. Nxd4
Qb6 9. a3 Nxd4 10. Bxd4 Bc5 11. Na4 Qa5+ 12. b4 Qxa4 13. bxc5 b6 14. cxb6 axb6
15. Be2 Ba6 16. c3 Bxe2 17. Qxe2 O-O 18. O-O Nc5 19. f5 exf5 20. Rxf5 Nb3 21.
Rd1 Nxd4 22. cxd4 Qxa3 23. e6 Qe7 24. exf7+ Rxf7 25. Qxe7 Rxe7 26. Rxd5 g6 27.
Rd2 Kg7 28. h3 Raa7 29. Rd6 Red7 30. Rxb6 Ra4 31. d5 Ra5 32. d6 Kf6 33. Kf2 Ke6
34. Kf3 Rf5+ 35. Kg4 Re5 36. Rd4 Re2 37. Kf3 Re5 38. h4 Rf5+ 39. Rf4 Rxf4+ 40.
Kxf4 h6 41. Rb8 Rxd6 42. g4 Rd4+ 43. Kf3 h5 44. Rb6+ Kf7 45. Rb7+ Kg8 46. gxh5
Rxh4 47. hxg6 Rh6 1/2-1/2

[Event "FINEC 2007 IM"]
[Site "St. Petersburg RUS"]
[Date "2007.01.30"]
[Round "7.2"]
[White "Merzliakov, Evgeny"]
[Black "Gogin, Ruslan"]
[Result "0-1"]
[WhiteElo "2211"]
[BlackElo "2135"]
[PlyCount "58"]
[EventDate "2007.01.25"]
[EventType "tourn"]
[EventRounds "10"]
[EventCountry "RUS"]
[EventCategory "3"]
[Source "lmi"]
[SourceDate "2007.01.25"]

1. e4 c5 2. d3 g6 3. g3 Bg7 4. Bg2 Nc6 5. f4 e6 6. Nf3 Nge7 7. O-O d6 8. c3 b6
9. Be3 Ba6 10. Bf2 Qc7 11. Qc2 e5 12. Nbd2 O-O 13. Rfe1 Rad8 14. Rad1 h6 15. d4
exd4 16. cxd4 Nb4 17. Qa4 Qc6 18. Qxc6 Nexc6 19. Bf1 Bxf1 20. Rxf1 Nd3 21. d5
Ncb4 22. Nc4 b5 23. Na3 Nxb2 24. Rb1 a6 25. e5 N2d3 26. e6 Nxd5 27. exf7+ Rxf7
28. Nc2 Nc3 29. Rb3 a5 0-1

[Event "FINEC 2007 IM"]
[Site "St. Petersburg RUS"]
[Date "2007.01.30"]
[Round "7.3"]
[White "Melnikov, Dmitry"]
[Black "Kulikov, Evgeny"]
[Result "1-0"]
[WhiteElo "2353"]
[BlackElo "2260"]
[PlyCount "119"]
[EventDate "2007.01.25"]
[EventType "tourn"]
[EventRounds "10"]
[EventCountry "RUS"]
[EventCategory "3"]
[Source "lmi"]
[SourceDate "2007.01.25"]

1. e4 c5 2. Nf3 Nc6 3. d4 cxd4 4. Nxd4 g6 5. c4 Nf6 6. Nc3 Nxd4 7. Qxd4 d6 8.
Be3 Bg7 9. f3 O-O 10. Qd2 Be6 11. Rc1 Qa5 12. b3 Rfc8 13. Nd5 Qxd2+ 14. Kxd2
Kf8 15. Bg5 h6 16. Be3 Nd7 17. Be2 Ne5 18. Rhd1 f5 19. exf5 gxf5 20. Ke1 Bf7
21. Kf2 b6 22. h3 Rab8 23. g3 Rd8 24. f4 Nc6 25. g4 e6 26. Nc3 Ke7 27. gxf5
exf5 28. Bf3 Rbc8 29. Bxc6 Rxc6 30. Bd4 Bxd4+ 31. Rxd4 Rc5 32. Re1+ Be6 33. Rd3
Kf6 34. Red1 Ke7 35. Nb5 a6 36. Nxd6 Rd7 37. Rg1 Rc6 38. Rg7+ Kf8 39. Rxd7 Bxd7
40. Nf7 Kxf7 41. Rxd7+ Kf6 42. Ke3 Re6+ 43. Kd4 Re4+ 44. Kd5 Rxf4 45. Rd6+ Kg5
46. Rxb6 Rh4 47. Rxa6 f4 48. Ke4 Rxh3 49. Ra8 Re3+ 50. Kd4 Re1 51. c5 f3 52.
Rf8 Kg4 53. b4 Kg3 54. c6 f2 55. b5 Rc1 56. a4 h5 57. a5 h4 58. b6 Rd1+ 59. Ke3
Rd8 60. Rf3+ 1-0

[Event "FINEC 2007 IM"]
[Site "St. Petersburg RUS"]
[Date "2007.01.30"]
[Round "7.5"]
[White "Zacurdajev, Mikhail"]
[Black "Zakharchenko, Arnold"]
[Result "1/2-1/2"]
[WhiteElo "2374"]
[BlackElo "2301"]
[PlyCount "51"]
[EventDate "2007.01.25"]
[EventType "tourn"]
[EventRounds "10"]
[EventCountry "RUS"]
[EventCategory "3"]
[Source "lmi"]
[SourceDate "2007.01.25"]

1. d4 d5 2. c4 dxc4 3. Nf3 Nf6 4. e3 e6 5. Bxc4 c5 6. O-O a6 7. a4 Nc6 8. Qe2
Qc7 9. Nc3 Be7 10. dxc5 Bxc5 11. Bd2 O-O 12. Rfc1 Bd7 13. Na2 Bd6 14. b4 Qb8
15. Rab1 e5 16. b5 axb5 17. Bxb5 e4 18. Bxc6 Bxc6 19. Rxc6 exf3 20. gxf3 Rxa4
21. Nc3 Rb4 22. Rxb4 Bxb4 23. Rc4 Bd6 24. Rh4 Rd8 25. Nb5 Be7 26. Rd4 1/2-1/2

[Event "FINEC 2007 IM"]
[Site "St. Petersburg RUS"]
[Date "2007.01.31"]
[Round "8.1"]
[White "Stupak, Kirill"]
[Black "Zacurdajev, Mikhail"]
[Result "1/2-1/2"]
[WhiteElo "2361"]
[BlackElo "2374"]
[PlyCount "96"]
[EventDate "2007.01.25"]
[EventType "tourn"]
[EventRounds "10"]
[EventCountry "RUS"]
[EventCategory "3"]
[Source "lmi"]
[SourceDate "2007.01.25"]

1. d4 e6 2. g3 Nf6 3. Bg2 d5 4. Nf3 c5 5. c4 cxd4 6. O-O Bc5 7. Nxd4 Nc6 8. Nb3
Be7 9. Nc3 dxc4 10. Qxd8+ Bxd8 11. Nd2 Na5 12. Nb5 O-O 13. b3 Bd7 14. Nd6 c3
15. N2e4 Nd5 16. Nc5 Bc6 17. e4 Nb4 18. a3 Na6 19. Nxa6 bxa6 20. b4 Be7 21. e5
Bxg2 22. Kxg2 Bxd6 23. exd6 Nc4 24. Rd1 Rfd8 25. Rd3 c2 26. d7 Nb6 27. Ra2 Nd5
28. Rxc2 Rxd7 29. Rd4 Rad8 30. Rdc4 f6 31. Rc8 Rxc8 32. Rxc8+ Kf7 33. Rc6 Rc7
34. Rxc7+ Nxc7 35. Be3 Nb5 36. a4 Nc3 37. a5 Nb5 38. f4 g6 39. Kf3 e5 40. fxe5
fxe5 41. Ke4 Ke6 42. Bc5 h6 43. g4 h5 44. gxh5 gxh5 45. h3 Nc3+ 46. Kd3 Nb5 47.
Ke4 Nd6+ 48. Kf3 Nb5 1/2-1/2

[Event "FINEC 2007 IM"]
[Site "St. Petersburg RUS"]
[Date "2007.01.31"]
[Round "8.2"]
[White "Kulikov, Evgeny"]
[Black "Sudakova, Irina"]
[Result "1-0"]
[WhiteElo "2260"]
[BlackElo "2381"]
[PlyCount "63"]
[EventDate "2007.01.25"]
[EventType "tourn"]
[EventRounds "10"]
[EventCountry "RUS"]
[EventCategory "3"]
[Source "lmi"]
[SourceDate "2007.01.25"]

1. e4 c5 2. Nf3 Nc6 3. Nc3 d6 4. d4 cxd4 5. Nxd4 Nf6 6. Bc4 e6 7. Be3 a6 8. Bb3
Qc7 9. Qe2 Na5 10. g4 b5 11. g5 b4 12. Nd5 Nxd5 13. exd5 e5 14. O-O-O Be7 15.
Nc6 Nxb3+ 16. axb3 a5 17. f4 O-O 18. h4 Bf5 19. Bb6 Qd7 20. fxe5 Rfc8 21. Rhf1
Bf8 22. Nd4 Bh3 23. e6 fxe6 24. dxe6 Qb7 25. Rf3 Bg4 26. Rxf8+ Rxf8 27. Qxg4
Qxb6 28. e7 Rf7 29. Qe6 Qb8 30. Rf1 Qe8 31. Nc6 Rc8 32. Rxf7 1-0

[Event "FINEC 2007 IM"]
[Site "St. Petersburg RUS"]
[Date "2007.01.31"]
[Round "8.4"]
[White "Serov, Maksim"]
[Black "Merzliakov, Evgeny"]
[Result "1/2-1/2"]
[WhiteElo "2275"]
[BlackElo "2211"]
[PlyCount "90"]
[EventDate "2007.01.25"]
[EventType "tourn"]
[EventRounds "10"]
[EventCountry "RUS"]
[EventCategory "3"]
[Source "lmi"]
[SourceDate "2007.01.25"]

1. d4 e6 2. Nf3 d5 3. g3 Nf6 4. Bg2 Nbd7 5. O-O Be7 6. Nbd2 O-O 7. c4 c6 8. Qc2
b6 9. e4 dxe4 10. Nxe4 Bb7 11. Rd1 Nxe4 12. Qxe4 Nf6 13. Qc2 Qc8 14. c5 bxc5
15. dxc5 Nd5 16. Ng5 Bxg5 17. Bxg5 f6 18. Bd2 e5 19. Rac1 Qe6 20. Re1 Qf7 21.
b4 Rad8 22. Qa4 Ba8 23. Re2 Rd7 24. Rce1 Rfd8 25. Bh3 Re7 26. f4 Rde8 27. Bg2
Qg6 28. fxe5 fxe5 29. Qb3 a6 30. Bc3 e4 31. Qc4 e3 32. Bd4 Qg4 33. Bxd5+ cxd5
34. Qc3 Re4 35. Rxe3 Bc6 36. Rxe4 Rxe4 37. Rxe4 Qxe4 38. Qe3 Qb1+ 39. Kf2 Qc2+
40. Qe2 Qf5+ 41. Qf3 Qc2+ 42. Qe2 Qf5+ 43. Kg2 Bb5 44. Qe1 Qc2+ 45. Kg1 Qf5
1/2-1/2

[Event "FINEC 2007 IM"]
[Site "St. Petersburg RUS"]
[Date "2007.01.31"]
[Round "8.5"]
[White "Shalimov, Valery"]
[Black "Lintchevski, Daniil"]
[Result "1/2-1/2"]
[WhiteElo "2393"]
[BlackElo "2449"]
[PlyCount "70"]
[EventDate "2007.01.25"]
[EventType "tourn"]
[EventRounds "10"]
[EventCountry "RUS"]
[EventCategory "3"]
[Source "lmi"]
[SourceDate "2007.01.25"]

1. d4 d5 2. Nf3 Nf6 3. c4 c6 4. e3 Bf5 5. Nc3 e6 6. Nh4 Bg6 7. Nxg6 hxg6 8. Bd2
Nbd7 9. cxd5 exd5 10. Qc2 Bd6 11. g3 Qe7 12. Bg2 O-O 13. O-O Rfe8 14. f3 c5 15.
Nb5 cxd4 16. Nxd6 Qxd6 17. exd4 Qb6 18. Bc3 Nb8 19. Rfe1 Nc6 20. Qd2 Rxe1+ 21.
Rxe1 Re8 22. Re3 Qd8 23. Kf2 Rxe3 24. Qxe3 b5 25. a3 a5 26. b4 axb4 27. Bxb4
Nxb4 28. axb4 Qc7 29. Bf1 Qc2+ 30. Kg1 Qb2 31. Bxb5 Qxb4 32. Be2 Nd7 33. Kf2
Nf8 34. Qe5 Ne6 35. Qxd5 Qxd4+ 1/2-1/2

[Event "FINEC 2007 IM"]
[Site "St. Petersburg RUS"]
[Date "2007.01.31"]
[Round "9.1"]
[White "Merzliakov, Evgeny"]
[Black "Shalimov, Valery"]
[Result "0-1"]
[WhiteElo "2211"]
[BlackElo "2393"]
[PlyCount "96"]
[EventDate "2007.01.25"]
[EventType "tourn"]
[EventRounds "10"]
[EventCountry "RUS"]
[EventCategory "3"]
[Source "lmi"]
[SourceDate "2007.01.25"]

1. d4 Nf6 2. c4 e6 3. Nc3 Bb4 4. Qc2 c5 5. e3 O-O 6. Bd3 d5 7. dxc5 Nbd7 8.
cxd5 Nxc5 9. Be2 Nxd5 10. Nf3 Qf6 11. Bd2 Nxc3 12. bxc3 Ba3 13. O-O Bd7 14. c4
Ba4 15. Qc3 Qxc3 16. Bxc3 Rfd8 17. Bd1 f6 18. Bd4 Bc6 19. Be2 e5 20. Bxc5 Bxc5
21. Rfd1 Kf7 22. Nd2 Bb4 23. Nb3 Ke7 24. Kf1 a5 25. a4 b6 26. Bf3 Rxd1+ 27.
Bxd1 Rc8 28. Be2 f5 29. Bd3 Kf6 30. Ra2 g5 31. Be2 g4 32. Nc1 Bd7 33. Nb3 h5
34. Bd3 h4 35. Be2 Bc6 36. Bd3 Rd8 37. Bc2 f4 38. exf4 exf4 39. Nc1 Rd2 40. Bb3
Rd8 41. Ne2 Kg5 42. g3 fxg3 43. fxg3 Rd3 44. gxh4+ Kxh4 45. Nc1 Rf3+ 46. Ke2
Rh3 47. Kf1 Bd6 48. Re2 Bf4 0-1